| 000 | 00648nam a2200265Ia 4500 | ||
|---|---|---|---|
| 003 | OSt | ||
| 005 | 20221006144410.0 | ||
| 006 | a|||||r|||| 00| 0 | ||
| 007 | ta | ||
| 008 | 221006b |||||||| |||| 00| 0 eng d | ||
| 020 | _c45.00 | ||
| 024 | _a11,607 | ||
| 037 | _cTextual | ||
| 040 |
_aEASL _cEASL _beng |
||
| 041 |
_2eng _aeng |
||
| 082 | _aU8.498.N, L2 | ||
| 100 |
_aLOUIS J. A. H. _9264885 |
||
| 245 | 0 | _aGates of Thibet | |
| 260 |
_aDelhi _bVivek Pub. India _c1972 |
||
| 300 |
_a180p. _ccm. |
||
| 490 | _v Gen | ||
| 650 | _aGen | ||
| 942 |
_hU8.498.N, L2 _cTEXL _2CC |
||
| 999 |
_c1079693 _d1079693 |
||